| 000 | 01151nam a2200349Ia 4500 | ||
|---|---|---|---|
| 001 | Z_6577 | ||
| 003 | CHAP | ||
| 005 | 20231121115058.0 | ||
| 008 | 220113s2013 xx 000 0 und d | ||
| 010 | _a169848 | ||
| 040 | _cCHAP | ||
| 090 | _aTesis C84 2318 | ||
| 100 |
_aCuevas Pat, Reyna Guadalupe _930175 |
||
| 245 |
_aUso de marcadores moleculares para verificar la genealogía de bovinos jersey / _cReyna Guadalupe Cuevas Pat |
||
| 260 |
_aMéxico : _bEl autor, _c2013 |
||
| 300 | _aCD | ||
| 502 | _aTesis (Maestro en Ciencias en Innovación Ganadera) -- UACh, 2013 \ Dirección: Rafael Nuñez Domínguez; asesoría: Ernestina Valadez Moctezuma | ||
| 650 |
_aAnálisis de fragmentos _9145238 |
||
| 650 |
_aDNA de sangre _9145239 |
||
| 650 |
_aGanado bovino _9138033 |
||
| 650 |
_aPaternidad en bovinos _9145240 |
||
| 650 |
_aPCR _9145241 |
||
| 650 |
_aRaza jersey _9145242 |
||
| 650 |
_aSSR _9145243 |
||
| 700 |
_a Valadez Moctezuma, Ernestina, asesor _9145244 |
||
| 700 |
_aNuñez Domínguez, Rafael, director _9145245 |
||
| 901 | _aTESIS C84 2318 | ||
| 902 | _aA | ||
| 910 | _a2013 | ||
| 942 |
_c2 _2ddc |
||
| 942 |
_c2 _2ddc |
||
| 999 |
_c169848 _d169848 |
||